00477nam a2200157 i 450000100060000000300090000600500170001500700030003200800410003510000260007624501100010226000410021230000250025370000200027885200210029871077ES-MaACL20230906171018.0t|040805s1934 xxk ||||1| eng d1 aGathorne-Hardy, G. M.12aA short history of international affairs 1920-1934 / cby G.M. Gathorne-Hardy ; preface by Eustace Percy. aOxford : bUniversity Press, c1934. aX, 351 p. ; c22 cm.1 aPercy, Eustace. aES-MaACLjA-3322